000 00894nam a2200289Ia 4500
003 OSt
005 20220912144925.0
006 a|||||r|||| 00| 0
007 ta
008 220909b |||||||| |||| 00| 0 eng d
020 _a9789380108100 (pbk)
024 _a84699
037 _b34, 25/08/2009, Insat Books & Periodicals
037 _cTextbook
040 _aCSL
_beng
_cCSL
041 _aeng
082 _aY7:(G:5), Q0 TY
100 _aMerrill Ray M
245 0 _aEnvironmental epidemiology: principles and methods
260 _aBoston
_bJones & Bartlett
_c2010
300 _aix, 483p.
_ccm.
500 _aIncludes bibliographical refeences.; Index 46-483p.
650 _a Environment epidemiology
650 _aAnthropology
942 _hY7:(G:5), Q0 TY
_cTB
_2CC
999 _c19136
_d19136